Najlepsi strzelcy Ekstraklasy w sezonie 2024/25 - Statystyki

Ogólne statystyki
  • Ten quiz został rozwiązany 164 razy
  • Średni wynik to 8 z 11
Statystyki odpowiedzi
Miejsce Zawodnik Klub Liczba bramek % Poprawnych
2 Mikael Ishak Lech Poznań 21
99%
1 Efthymios Koulouris Pogoń Szczecin 28
91%
4 Jesus Imaz Jagiellonia Białystok 16
87%
9 Afimico Pululu Jagiellonia Białystok 10
83%
3 Benjamin Källman Cracovia 18
83%
8 Leonardo Rocha Radomiak Radom / Raków Częstochowa 12
74%
6 Jonatan Braut Brunes Raków Częstochowa 14
71%
7 Afonso Sousa Lech Poznań 13
64%
4 Samuel Mraz Motor Lublin 16
59%
9 Piotr Wlazło Stal Mielec 10
45%
9 Adrian Dalmau Korona Kielce 10
34%
Nie znaleziono quizów pasujących do podanych kryteriów
Rozkład punktacji
Procent ludzi z każdym wynikiem
Percentyl według liczby udzielonych odpowiedzi
Twoja historia wyników
Nie rozwiązałeś tego quizu